Responses for Show #2474 - Thursday, May 11, 1995

1995 College Championship final game 1.

Contestants

[<< previous game]

Rebekah Reeves, a freshman from Texas A&M University

Ben Lyon, a freshman from the University of Oklahoma

Steve Smith, a senior from the University of Notre Dame

[next game >>]

Jeopardy! Round responses

THE BIBLE
SPORTS
FASHION NAMES
AMERICANA
IN THE NEWS
JUST DESSERTS
    $100 11
Eden

Steve
    $100 6
Kentucky Derby

Ben
    $100 16
Anne

Rebekah
    $100 1
Rhode Island

Steve
    $100 21
32 cents

Steve
    $100 26
pecan

Rebekah
    $200 12
Passover

Rebekah
    $200 7
World Cup

Steve
    $200 17
Gitano

Steve
    $200 2
Mexican-American War

Steve
    $200 22
Dan Quayle

Rebekah
    $200 27
egg whites

Rebekah
    $300 13
plagues (10 plagues on Egypt)

Ben
    $300 8
Steffi Graf

Steve
    $300 18
Ralph Lauren

Ben
    $300 3
Carrie Nation

Steve
    $300 23
NAACP

Ben
    $300 28
(Ben: What is lime?)

orange (lemon)

BenRebekah
    $400 14
Aaron

Rebekah
    $400 9
golf

Ben
    $400 19
Banana Republic

Steve
    $400 4
hex signs

Triple Stumper
    $400 24
(Ben: What is Soyuz?)

Mir

SteveBen
    $400 29
marzipan

Rebekah
    $500 15
Jacob

Ben
    $500 10
Rams

Rebekah
    $500 20
Montana

Triple Stumper
    $500 5
(Rebekah: What is the Ohio?)

Potomac

BenRebekah
    $1,000 25
(J. William) Fulbright

Steve
    $500 30
Austria

Steve

Scores at the first commercial break (after clue 15):

Steve Ben Rebekah
$1,200 $1,800 $600

Scores at the end of the Jeopardy! Round:

Steve Ben Rebekah
$3,800 $1,700 $1,900

Double Jeopardy! Round responses

RULERS
LIBRARIES
THE BODY HUMAN
PLAYS & PLAYWRIGHTS
AROUND THE WORLD
12-LETTER WORDS
    $200 12
(Rebekah: Who is Catherine?)

Isabella

BenRebekah
    $200 7
Albany

Ben
    $200 1
heart

Ben
    $200 21
Lerner

Ben
    $200 6
South Africa

Ben
    $200 26
formaldehyde

Steve
    $400 13
Charlemagne

Rebekah
    $400 8
Carson City

Ben
    $400 2
Achilles tendon

Ben
    $400 22
Anton Chekhov

Ben
    $400 15
Quebec

Rebekah
    $400 27
abolitionist

Steve
    $600 14
Kamehameha

Triple Stumper
    $600 9
Michigan

Steve
    $600 3
abdominal

Rebekah
    $600 23
Ibsen

Steve
    $600 16
(Steve: What is Paraguay?)

Uruguay

SteveRebekah
    $600 28
philanthropy

Ben
    $800 19
Morocco

Triple Stumper
    $800 10
Mayo

Ben
    $800 4
femur

Rebekah
    $800 24
Noël Coward

Triple Stumper
    $1,500 17
Lithuania

Rebekah
    $2,200 29
paleontology

Ben
    $1000 20
Catherine the Great

Ben
    $1000 11
Chicago

Ben
    $1000 5
(Steve: What is the thyroid?)

pituitary

SteveRebekah
    $1000 25
Eugene O'Neill

Ben
    $1000 18
Ulan Bator

Rebekah
    $1000 30
bespectacled

Triple Stumper

Scores at the end of the Double Jeopardy! Round:

Steve Ben Rebekah
$4,000 $10,500 $8,000

Final Jeopardy! Round responses

AMERICAN LITERATURE
SteveWhat is Last of the Mohicans?
$4,000
RebekahWhat is Uncle Tom's Cabin?
$2,000
BenWhat is the Scarlet Letter
$5,000
The Last of the Mohicans

Final scores:

Steve Ben Rebekah
$8,000 $5,500 $6,000

Game dynamics:

Coryat scores:

Steve Ben Rebekah
$3,500 $9,100 $7,300
16 R
(including 1 DD),
2 W
21 R
(including 1 DD),
2 W
17 R
(including 1 DD),
2 W

Combined Coryat: $19,900

[game clues] [game scores] [suggest correction]

Game tape date: 1995-04-02
The J! Archive is created by fans, for fans. Scraping, republication, monetization, and malicious use prohibited; this site may use cookies and collect identifying information. See terms. The Jeopardy! game show and all elements thereof, including but not limited to copyright and trademark thereto, are the property of Jeopardy Productions, Inc. and are protected under law. This website is not affiliated with, sponsored by, or operated by Jeopardy Productions, Inc. Join the discussion at JBoard.tv.